| 000 | 00882nam a2200265Ia 4500 | ||
|---|---|---|---|
| 003 | OSt | ||
| 005 | 20221005081024.0 | ||
| 006 | a|||||r|||| 00| 0 | ||
| 007 | ta | ||
| 008 | 221004b |||||||| |||| 00| 0 eng d | ||
| 020 |
_a8178240408 (pbk) _c395 |
||
| 024 | _a98257 | ||
| 037 |
_b012, 02/09/2009, Independent Publishers Group _cTextual |
||
| 040 |
_aCRL _cCRL _beng |
||
| 041 |
_2eng _aeng |
||
| 082 | _aO152,3M80,1, 111P2 | ||
| 100 | _aPremchand | ||
| 245 | 0 |
_aGift of a Cow _b A translation of the classic Hindi novel Godaan |
|
| 260 |
_aNew Delhi _bPermanent Black India _c2002 |
||
| 300 |
_axxviii, 441p. _ccm. |
||
| 650 | _aENGLISH LITERATURE | ||
| 700 |
_a Roadarmel Gordon Tr. _9610789 |
||
| 942 |
_hO152,3M80,1, 111P2 _cTEXL _2cc |
||
| 999 |
_c987056 _d987056 |
||